000 00398nam a2200133Ia 4500
005 20260326100040.0
008 260326s9999||||xx |||||||||||||| ||und||
100 _aRolleston, Sara Emerson
245 0 _aHeritage Houses :
_b The American tradition in Connecticut 1660 - 1900 /
_cSara Emerson Rolleston
260 _bViking Press
300 _a175 p.
650 _aARQUITECTURA REGIONAL
942 _cBK
999 _c6961
_d6961